What Is an Insect? (Record no. 262625)
[ view plain ]
| 000 -LEADER | |
|---|---|
| fixed length control field | 00211nam a22000977a 4500 |
| 020 ## - INTERNATIONAL STANDARD BOOK NUMBER | |
| ISBN | 9780545007368 |
| 100 ## - MAIN ENTRY--AUTHOR NAME | |
| Personal name | Jeff Bauer |
| 245 ## - TITLE STATEMENT | |
| Title | What Is an Insect? |
| 260 ## - PUBLICATION, DISTRIBUTION, ETC. (IMPRINT) | |
| Place of publication | New York |
| Name of publisher | Scholastic |
| Year of publication | 2008 |
| 942 ## - ADDED ENTRY ELEMENTS (KOHA) | |
| Koha item type | Long Loan Books |
| Withdrawn status | Lost status | Collection code | Home library | Current library | Shelving location | Date acquired | Accession Number | Koha item type |
|---|---|---|---|---|---|---|---|---|
| Fiction | Rongo University Library | Rongo University Library | Children's Area | 24/01/2024 | CL20232995 | Long Loan Books |
